000 00475nam a2200205Ia 4500
003 OSt
005 20251003103346.0
008 210210b2008 xxu||||| |||| 00| 0 eng d
020 _a8173716293
040 _cAL
041 _aeng
082 _a530.11 PRAS
100 _aPrasanna A R
_9241241
245 _aSpace and time to spacetime
260 _aIndia
_bUniversities Press
_c2008
300 _axii,200
650 _ato
_9241242
906 _a065491
942 _2ddc
_cBK
999 _c142947
_d142947